top 15 kraji pod względem gdp nominal - Statystyki

Ogólne statystyki
  • Ten quiz został rozwiązany 107 razy
  • Średni wynik to 12 z 15
Statystyki odpowiedzi
Hint Odpowiedź % Poprawnych
20,807,269 Stany Zjednoczone
99%
14,860,775 Chiny
96%
3,780,553 Niemcy
96%
2,551,451 Francja
92%
2,638,296 Wielka Brytania
92%
1,464,078 Rosja
86%
1,247,464 Hiszpania
79%
1,600,264 Kanada
79%
4,910,580 Japonia
78%
1,363,767 Brazylia
76%
2,692,583 Indie
76%
1,848,222 Włochy
74%
1,334,688 Australia
58%
1,586,786 Korea Południowa
50%
1,088,768 Indonezja
42%
Nie znaleziono quizów pasujących do podanych kryteriów
Rozkład punktacji
Procent ludzi z każdym wynikiem
Percentyl według liczby udzielonych odpowiedzi
Twoja historia wyników
Nie rozwiązałeś tego quizu